Tous les events WCA - Rubik's Cube - Statistiques

Statistiques générales
  • Ce quiz a été pris 68 fois
  • Le résultat moyen est 14 sur 17
Statistiques - réponses
Events % Correct
3x3x3
98%
4x4x4
98%
5x5x5
98%
6x6x6
98%
7x7x7
98%
2x2x2
96%
3x3x3 à l'aveugle
91%
megaminx
88%
pyraminx
88%
3x3x3 à une main
82%
clock
79%
square-1
77%
3x3x3 résolution multiple à l'aveugle
70%
4x4x4 à l'aveugle
68%
3x3x3 résolution optimisée
43%
skweb
43%
5x5x5 à l'aveugle
39%
Aucun quiz correspondant
Distribution des résultats
% des personnes avec chaque résultat
Percentile par nombre de réponses
Votre historique - résultats
Vous n’avez pas pris ce quiz